00562nam a2200205 a 450000100060000000300080000600500170001400800410003102000300007202000180010203500140012004000260013404100080016008200240016810000250019224500430021726000310026030000290029150400360032074594BD-RjUL20211209082557.0181030s1978 u a|||| bi|| 001 0 eng d a0600303594 c: Tk.1740.00 a9780600303596 a(BD-RjUL) aBD-RjULbengcBD-RjUL aeng 223a739.7bWIA 19781 aWilkinson, Frederick10aArms and armour /cFrederick Wilkinson aLondon :b Hamlyn, c1978. a156 p. :bill. ;c30 cm. aIncludes Bibliography and Index